000 00388nam a22001697a 4500
999 _c1167
_d1167
005 20211005100320.0
008 160520b xxu||||| |||| 00| 0 eng d
020 _a978-93-80358-17-8
041 _aeng
082 _b3393
100 _aBhatt N.D
_96951
245 _aEngineering Drawing
260 _bCharotas Pub.
300 _a712
650 _aDIPLOMA ENGINEERING
_9817
942 _cBK